Pittsburgh Football: Top 10 All-Time Leaders - Statistics

General Stats
  • This quiz has been taken 8 times
  • The average score is 14 of 52
Answer Stats
Category # Player Amount % Correct
Passing Yards 5 Dan Marino 7,950
100%
Passing Yards 1 Kenny Pickett 12,303
86%
Receiving Yards 5 Larry Fitzgerald 2,677
71%
Rushing Yards 1 Tony Dorsett 6,082
71%
Sacks T4 Aaron Donald 29.5
57%
Tackles 2 Hugh Green 441
57%
Sacks 1 Hugh Green 49.0
57%
Rushing Yards 2 James Conner 3,733
57%
Rushing Yards 10 Curtis Martin 2,643
43%
Rushing Yards 8 LeSean McCoy 2,816
43%
Passing Yards 9 Nathan Peterman 5,142
43%
Passing Yards 2 Alex Van Pelt 10,913
29%
Passing Yards 8 Bill Stull 5,252
29%
Sacks 8 Chris Doleman 25.0
29%
Rushing Yards 5 Craig Heyward 2,950
29%
Rushing Yards 4 Curvin Richards 3,036
29%
Passing Yards 7 John Congemi 6,126
29%
Passing Yards 6 Rod Rutherford 6,724
29%
Passing Yards 3 Tino Sunseri 8,590
29%
Sacks 3 Tony Woods 31.0
29%
Passing Yards 4 Tyler Palko 8,343
29%
Sacks T6 Zeke Gadson 26.5
29%
Receiving Yards 4 Antonio Bryant 2,805
14%
Tackles 1 Arnie Weatherington 477
14%
Rushing Yards 9 Billy West 2,803
14%
Interceptions 1 Bob Jury 21
14%
Sacks 9 Bryan Knight 23.5
14%
Sacks 10 Dennis Atiyeh 23.0
14%
Receiving Yards 3 Devin Street 2,901
14%
Receiving Yards 2 Dietrich Jells 3,003
14%
Rushing Yards 6 Dion Lewis 2,860
14%
Sacks T4 Ejuan Price 29.5
14%
Tackles 5 Gerald Hayes 402
14%
Receiving Yards 7 Greg Lee 2,470
14%
Tackles 3 H.B. Blades 433
14%
Receiving Yards 9 Jared Wayne 2,308
14%
Tackles 7 Jerry Olsavsky 367
14%
Passing Yards 10 John Ryan 4,337
14%
Receiving Yards 8 Jon Baldwin 2,337
14%
Sacks T6 Keith Hamilton 26.5
14%
Receiving Yards 6 Latef Grim 2,607
14%
Tackles T10 Lewis Moore 344
14%
Receiving Yards 10 Mike Shanahan 2,276
14%
Rushing Yards 7 Qadree Ollison 2,859
14%
Sacks 2 Randy Holloway 33.5
14%
Rushing Yards 3 Ray Graham 3,271
14%
Tackles T10 Scott McKillop 344
14%
Tackles 6 Steve Apke 386
14%
Tackles 8 Tez Morris 366
14%
Tackles 4 Tom Tumulty 413
14%
Tackles 9 Troy Benson 351
14%
Receiving Yards 1 Tyler Boyd 3,361
14%
No matching quizzes found
Score Distribution
Percent of People with Each Score
Percentile by Number Answered
Your Score History
You have not taken this quiz